000 00666nam a2200181Ia 4500
008 090122s9999 xx 000 0 und d
082 _b328
_a181.4
100 _aओक
_bदा
_cके
245 _aमहाभारत मुक्तेश्वरकृत ( विराट पर्व )
260 _bनिर्णयसागर
_c1939
300 _a152
501 _a--
600 _aओक
630 _aमहाभारत मुक्तेश्वरकृत ( विराट पर्व )
700 _aओक
730 _aमहाभारत मुक्तेश्वरकृत ( विराट पर्व )
942 _cBOOK
999 _c24406
_d24406